000
00243nam a22000857a 4500
008
160809b xxu||||| |||| 00| 0 eng d
100
_9
92
_a
Rohan Book Company
245
_a
Making soft toys for children
260
_a
New Delhi
_b
Rohan book company
_c
2006
999
_c
2746
_d
2746